<?xml version="1.0" encoding="UTF-8"?>
<record
    xmlns:xsi="http://www.w3.org/2001/XMLSchema-instance"
    xsi:schemaLocation="http://www.loc.gov/MARC21/slim http://www.loc.gov/standards/marcxml/schema/MARC21slim.xsd"
    xmlns="http://www.loc.gov/MARC21/slim">

  <leader>02410cam a22002775a 4500</leader>
  <datafield tag="999" ind1=" " ind2=" ">
    <subfield code="c">27271</subfield>
    <subfield code="d">27242</subfield>
  </datafield>
  <controlfield tag="005">20190327140422.0</controlfield>
  <controlfield tag="008">171025s2018    enk    frb    001 0 eng d</controlfield>
  <datafield tag="020" ind1=" " ind2=" ">
    <subfield code="a">9781138943247</subfield>
  </datafield>
  <datafield tag="040" ind1=" " ind2=" ">
    <subfield code="a">DLC</subfield>
    <subfield code="b">eng</subfield>
    <subfield code="c">DLC</subfield>
    <subfield code="d">EG-ScBUE</subfield>
    <subfield code="d">EG-ScBUE</subfield>
  </datafield>
  <datafield tag="042" ind1=" " ind2=" ">
    <subfield code="a">pcc</subfield>
  </datafield>
  <datafield tag="082" ind1="0" ind2="4">
    <subfield code="a">342.08520721</subfield>
    <subfield code="b">RES</subfield>
    <subfield code="2">22</subfield>
  </datafield>
  <datafield tag="245" ind1="0" ind2="0">
    <subfield code="a">Research methods in human rights /</subfield>
    <subfield code="c">edited by Lee McConnell, Rhona Smith.</subfield>
  </datafield>
  <datafield tag="250" ind1=" " ind2=" ">
    <subfield code="a">1st. ed.</subfield>
  </datafield>
  <datafield tag="260" ind1=" " ind2=" ">
    <subfield code="a">Oxon ;</subfield>
    <subfield code="a">New York :</subfield>
    <subfield code="b">Routledge / Taylor &amp; Francis,</subfield>
    <subfield code="c">c.2018.</subfield>
  </datafield>
  <datafield tag="300" ind1=" " ind2=" ">
    <subfield code="a">viii, 169 p. ;</subfield>
    <subfield code="c">24 cm.</subfield>
  </datafield>
  <datafield tag="504" ind1=" " ind2=" ">
    <subfield code="a">Includes bibliographical references and index.</subfield>
  </datafield>
  <datafield tag="505" ind1="0" ind2=" ">
    <subfield code="a">Introduction to human rights research methods / Rhona Smith -- Human rights based approaches to research / Rhona Smith -- The doctrinal approach in international human rights scholarship / Suzanne Egan -- Legal theory as a research methodology / Lee McConnell -- Qualitative methods / Rhona Smith and Lorna Smith -- Quantitative analysis / Todd Landman -- Critical ethnography and human rights research / William Paul Simmons and Lyndsey Feldman -- Comparative approaches to human rights / Sue Farran -- "Mixing methods" : reflections on compatibility / Rhona Smith and Lee McConnell.</subfield>
  </datafield>
  <datafield tag="520" ind1=" " ind2=" ">
    <subfield code="a">Research Methods in Human Rights introduces the reader to key methodological approaches to Human Rights research in a clear and accessible way.
Drawing on the expertise of a panel of contributors, the text clearly explains the key theories and methods commonly used in Human Rights research and provides guidance on when each approach is appropriate. It addresses such approaches to Human Rights research as qualitative methods, quantitative analysis, critical ethnography and comparative approaches, supported by a wide range of geographic case studies and with reference to a wide range of subject areas. The book suggests further reading and directs the reader to excellent examples from research outputs of each method in practice.

This book is essential reading for students with backgrounds in law as well as political and social sciences who wish to understand more about the methods and ethics of conducting Human Rights research.</subfield>
  </datafield>
  <datafield tag="650" ind1=" " ind2="7">
    <subfield code="a">Human rights</subfield>
    <subfield code="x">Legal research.</subfield>
    <subfield code="2">BUEsh</subfield>
  </datafield>
  <datafield tag="650" ind1=" " ind2="7">
    <subfield code="a">Human rights</subfield>
    <subfield code="x">Research</subfield>
    <subfield code="x">Methodology.</subfield>
    <subfield code="2">BUEsh</subfield>
  </datafield>
  <datafield tag="651" ind1=" " ind2=" ">
    <subfield code="2">BUEsh</subfield>
  </datafield>
  <datafield tag="653" ind1=" " ind2=" ">
    <subfield code="b">LLAAWW</subfield>
    <subfield code="b">BUSBOL</subfield>
    <subfield code="c">March2019</subfield>
  </datafield>
  <datafield tag="700" ind1="1" ind2=" ">
    <subfield code="a">McConnell, Lee,</subfield>
    <subfield code="e">editor.</subfield>
  </datafield>
  <datafield tag="700" ind1="1" ind2=" ">
    <subfield code="a">Smith, Rhona K. M.,</subfield>
    <subfield code="e">editor.</subfield>
  </datafield>
  <datafield tag="942" ind1=" " ind2=" ">
    <subfield code="2">ddc</subfield>
  </datafield>
  <datafield tag="952" ind1=" " ind2=" ">
    <subfield code="0">0</subfield>
    <subfield code="1">0</subfield>
    <subfield code="2">ddc</subfield>
    <subfield code="4">0</subfield>
    <subfield code="7">0</subfield>
    <subfield code="8">Alahram</subfield>
    <subfield code="a">MAIN</subfield>
    <subfield code="b">MAIN</subfield>
    <subfield code="c">1ST</subfield>
    <subfield code="d">2019-03-20</subfield>
    <subfield code="e">Purchase</subfield>
    <subfield code="g">665.00</subfield>
    <subfield code="h">526</subfield>
    <subfield code="l">3</subfield>
    <subfield code="m">7</subfield>
    <subfield code="o">342.08520721 RES</subfield>
    <subfield code="p">000043274</subfield>
    <subfield code="q">2024-04-11</subfield>
    <subfield code="r">2024-01-09 00:00:00</subfield>
    <subfield code="s">2024-01-09</subfield>
    <subfield code="v">831.25</subfield>
    <subfield code="y">BB</subfield>
  </datafield>
</record>
